|
|
|
|
| LEADER |
02021nam a2200457Ia 4500 |
| 001 |
EBC3331732 |
| 003 |
MiAaPQ |
| 005 |
20200520144314.0 |
| 006 |
m o d | |
| 007 |
cr cn||||||||| |
| 008 |
990203s1999 enkab sb 001 0 eng d |
| 010 |
|
|
|z 99900233
|
| 020 |
|
|
|z 9780773518605
|
| 020 |
|
|
|z 0773518606 (bound)
|
| 020 |
|
|
|z 0853238642 (Liverpool University Press)
|
| 035 |
|
|
|a (MiAaPQ)EBC3331732
|
| 035 |
|
|
|a (Au-PeEL)EBL3331732
|
| 035 |
|
|
|a (CaPaEBR)ebr10178381
|
| 035 |
|
|
|a (CaONFJC)MIL285815
|
| 035 |
|
|
|a (OCoLC)923231662
|
| 040 |
|
|
|a MiAaPQ
|c MiAaPQ
|d MiAaPQ
|
| 050 |
|
4 |
|a HB3594.A48
|b M37 1999
|
| 100 |
1 |
|
|a McQuillan, Kevin.
|
| 245 |
1 |
0 |
|a Culture, religion, and demographic behaviour
|h [electronic resource] :
|b Catholics and Lutherans in Alsace, 1750-1870 /
|c Kevin McQuillan.
|
| 260 |
|
|
|a [Liverpool] :
|b Liverpool University Press ;
|a Montreal :
|b McGill-Queen's University Press,
|c c1999.
|
| 300 |
|
|
|a xviii, 227 p. :
|b ill., map.
|
| 490 |
1 |
|
|a McGill-Queen's studies in the history of religion. Series two
|
| 504 |
|
|
|a Includes bibliographical references and index.
|
| 533 |
|
|
|a Electronic reproduction. Ann Arbor, MI : ProQuest, 2015. Available via World Wide Web. Access may be limited to ProQuest affiliated libraries.
|
| 650 |
|
0 |
|a Catholics
|z France
|z Alsace
|x History
|y 18th century.
|
| 650 |
|
0 |
|a Lutherans
|z France
|z Alsace
|x History
|y 18th century.
|
| 650 |
|
0 |
|a Catholics
|z France
|z Alsace
|x History
|y 19th century.
|
| 650 |
|
0 |
|a Lutherans
|z France
|z Alsace
|x History
|y 19th century.
|
| 651 |
|
0 |
|a Alsace (France)
|x Population
|x History
|y 18th century.
|
| 651 |
|
0 |
|a Alsace (France)
|x Population
|x History
|y 19th century.
|
| 651 |
|
0 |
|a Alsace (France)
|x Religion
|y 18th century.
|
| 651 |
|
0 |
|a Alsace (France)
|x Religion
|y 19th century.
|
| 655 |
|
4 |
|a Electronic books.
|
| 710 |
2 |
|
|a ProQuest (Firm)
|
| 830 |
|
0 |
|a McGill-Queen's studies in the history of religion.
|n Series two.
|
| 856 |
4 |
0 |
|u https://ebookcentral.proquest.com/lib/matrademy/detail.action?docID=3331732
|z Click to View
|